Introduction to British politics: Analysis a capitalist democracy (Record no. 46682)

MARC details
000 -LEADER
fixed length control field 00411nam a2200157Ia 4500
008 - FIXED-LENGTH DATA ELEMENTS--GENERAL INFORMATION
fixed length control field 230917s9999||||xx |||||||||||||| ||und||
020 ## - ISBN
Price POU8.95
040 ## - CATALOGING SOURCE
-- 3556
Original cataloging agency VIVEKANANDA LIBRARY
041 ## - Language
-- English
082 ## - DDC NUMBER
Classification number 320.942 D347I
100 ## - MAIN ENTRY--PERSONAL NAME
Personal name Dearlove, John
245 #0 - TITLE STATEMENT
Title Introduction to British politics: Analysis a capitalist democracy
260 ## - PUBLICATION, DISTRIBUTION, ETC. (IMPRINT)
Place of publication, distribution, etc London
Name of publisher, distributor, etc Polity Press
Date of publication, distribution, etc 1984
300 ## - PHYSICAL DESCRIPTION
Pages 458 p.
942 ## - ADDED ENTRY ELEMENTS (KOHA)
Koha item type Books
Holdings
Withdrawn status Lost status Damaged status Not for loan Location (home branch) Sublocation or collection (holding branch) Date acquired Koha issues (times borrowed) Koha full call number Accession No. Koha date last seen Koha item type
        VIVEKANANDA LIBRARY VIVEKANANDA LIBRARY 08/08/2002   320.942 D347I 113711 17/09/2023 Books
© Designed and Maintained by Vivekananda Library, MDU Rohtak